Every 100k+ City in Central Mexico in a Map - Statistics

General Stats
  • This quiz has been taken 322 times
  • The average score is 26 of 66
Answers on the Map
Answers color-coded by a green-red scale on the quiz's map according to % correct below.
 
Answer Stats
Population City % Correct
8,843,706 Mexico City
97%
1,385,621 Guadalajara
88%
1,542,232 Heróica Puebla de Zaragoza
87%
537,963 Veracruz
82%
863,893 Aguascalientes
73%
1,579,803 León de los Aldama
73%
845,941 San Luis Potosí
70%
794,789 Santiago de Querétaro
68%
138,444 Zacatecas
63%
1,643,623 Ecatepec de Morelos
62%
223,876 Toluca de Lerdo
62%
146,965 Colima
57%
743,275 Morelia
56%
1,257,547 Zapopan
54%
371,387 Tepic
52%
341,029 Cuernavaca
51%
224,166 Puerto Vallarta
50%
443,063 Xalapa-Enríquez
50%
1,072,676 Ciudad Nezahualcóyotl
45%
297,848 Pachuca de Soto
42%
452,090 Irapuato
40%
159,853 Manzanillo
39%
911,168 Naucalpan de Juárez
39%
299,523 Uruapan del Progreso
38%
177,719 San Juan del Río
37%
378,143 Celaya
36%
212,540 Coatzacoalcos
36%
139,075 Córdoba
34%
160,682 Salamanca
34%
658,907 Tlalnepantla
34%
650,123 Tlaquepaque
34%
154,546 Zamora de Hidalgo
34%
293,825 Tehuacán
32%
442,440 Tonalá
32%
384,327 Xico
32%
703,215 Chimalhuacán
31%
170,029 Guadalupe
31%
180,057 Poza Rica de Hidalgo
31%
117,995 Cuautitlán
30%
323,545 Ciudad Nicolás Romero
28%
149,162 Minatitlán
27%
386,290 Ojo de Agua
27%
120,500 Orizaba
27%
216,776 Buenavista
26%
523,065 Ciudad López Mateos
26%
515,353 Cuautitlán Izcalli
25%
143,281 Fresnillo
25%
174,704 Chalco de Díaz Covarrubias
24%
147,496 Ciudad de Villa de Álvarez
24%
111,975 Ciudad Guzmán
24%
136,351 Ciudad Valles
24%
157,336 Cuautla de Morelos
24%
310,192 Soledad de Graciano Sánchez
24%
368,585 Ixtapaluca
23%
111,569 Lagos de Moreno
23%
157,998 San Pablo de las Salinas
23%
174,629 Jiutepec
22%
106,163 Tulancingo de Bravo
22%
102,362 Apatzingán de la Constitución
21%
102,260 Cholula de Rivadavia
21%
293,245 Coacalco de Berriozábal
21%
104,461 Temixco
20%
193,532 Chicoloapan de Juárez
19%
139,174 Hacienda Santa Fe
19%
115,264 El Pueblito
18%
120,778 Tepexpan
18%
No matching quizzes found
Score Distribution
Percent of People with Each Score
Percentile by Number Answered
Your Score History
You have not taken this quiz